00617 2200217 4500001002100000005001500021035002000036007000300056008004100059020002200100082001000122084001600132100003900148245012900187250001000316260000900326300002600335650001600361990001100377990001100388INLIS00000000000014620170912102422 a0010-0917000132ta170912 f 0  a978-602-7734-38-8 a297.8 a297.8 ASY a0 aAsy-Syatsri, Abdurrahman bin Sa'ad1 aAkidah Syi'ah Imamiyah :bTanya-Jawab Mengenai Rusak dan Bahayanya Akidah Syiah /cAbdurrahman bin Sa'ad bin Ali Asy-Syatsri acet.1 c2013 a464 hlm ;c16 x 24 cm aAgama Islam a5498 A a5498 B